000 01189nam a22003737a 4500
003 CHAP
005 20220817044323.0
008 100302s2008 mx a r 00010 spa d
010 _a97652
011 _a98624
020 _a9789689273028
035 _a109309
040 _cCHAP
082 0 0 _a307.14
_bF96
110 1 _aFundación Espinosa Rugarcía (ESRU)
_943980
245 1 1 _a¿Nos movemos? :
_bla movilidad social en México
_c/por Fundación Espinosa Rugarcía (ESRU)
260 _aMéxico, D. F. :
_b(ESRU),
_c2008
300 _a214 p. :
_bilus.
590 _aBATCH-UPD
_b10
_c20130110
_lUCH01
_h1029
590 _aBATCH-UPD
_b10
_c20130410
_lUCH01
_h0632
590 _aBATCH-UPD
_b10
_c20130914
_lUCH01
_h1145
590 _aCONVERSION
_b10
_c20130109
_lUCH01
_h1354
650 1 4 _aDesarrollo de la comunidad.
_931967
650 1 4 _aDesarrollo económico.
650 1 4 _aEducación.
_935409
650 1 4 _aFamilia.
_939405
650 1 4 _aInmigrantes.
_958813
650 1 4 _aMujer.
_979312
650 1 4 _aPobreza.
_989463
650 1 4 _aTrabajo
_xOfertas de.
_9114483
901 _aBK
942 _cLIBRO
949 _a307.14 F96
_bBC
_cLIBRO
_d33724002113207
_eLIBRO
_gI.c/e
_h112003
_i109309
_sb
999 _c97652
_d97652